000
00283nam a2200121Ia 4500
008
211105s9999 xx 000 0 und d
020
_a
VYASA10118
100
_a
Gregory Robert J.
245
0
_a
Psychological Testing
250
_a
4th
260
_b
Pearson Education
_c
\N
300
_a
654
999
_c
9789
_d
9789